Modelová situácia zmeny organizačnej štruktúry podniku v kríze pomocou franchisingu
Guardado en:
| Autor principal: | |
|---|---|
| Otros Autores: | |
| Formato: | Capítulo de libro |
| Lenguaje: | eslovaco |
| Etiquetas: |
Sin Etiquetas, Sea el primero en etiquetar este registro!
|
MARC
| LEADER | 00000naa$a2200000$$$4500 | ||
|---|---|---|---|
| 001 | 0312107 | ||
| 005 | 20250908094337.7 | ||
| 041 | 0 | |a slo | |
| 044 | |a SK | ||
| 245 | 1 | 0 | |a Modelová situácia zmeny organizačnej štruktúry podniku v kríze pomocou franchisingu |c Jana Ramáčová, Mária Antošová |
| 100 | 1 | |a Ramáčová, Jana | |
| 700 | 1 | |a Antošová, Mária, 1965- | |